000 00264nam a2200109Ia 4500
008 220104s9999 xx 000 0 und d
100 _aSen K C
245 0 _aRubber seed kernel as cattle food
650 _aCattle feed
650 _aRubber seed kernel
942 _cBE
999 _c47389
_d47389